La música del siglo XX: una historia del estilo musical en la Europa y la América modernas

Gardado en:
Detalles Bibliográficos
Autor Principal: Morgan, Robert P. (autor)
Formato: Libro
Idioma:Lingua castelá
Publicado: Madrid Akal 1999
Edición:2a. ed
Series:Akal Música, 6
Subjects:
Tags: Engadir etiqueta
Sen Etiquetas, Sexa o primeiro en etiquetar este rexistro!

MARC

LEADER 00000nam a2200000 a 4500
001 UCG6546
003 CL-VaPUC
008 110428e19990000SP |||||||||||||||||spa|d
020 |a 8446003686 
082 0 4 |a 780.904  |b MOR  |2 21 
100 |a Morgan, Robert P.  |e autor  |9 590640 
245 1 3 |a La música del siglo XX: una historia del estilo musical en la Europa y la América modernas 
250 |a 2a. ed 
300 |a 541 p 
942 |c BK 
945 |d 20110428 00:00:00  |a jcampos 
260 |a Madrid  |b Akal  |c 1999 
650 0 |a Música, siglo 20  |9 324961 
650 7 |a HISTORIA MUSICAL  |2 CL-VaPUC  |9 556813 
650 7 |a CRITICA MUSICAL  |2 CL-VaPUC  |9 556814 
650 0 |a Estilos musicales  |9 471725 
651 0 |a Europa  |9 255156 
651 0 |a América  |9 255182 
583 |a last modification  |c 20110428 00:00:00  |k Rodrigo Vera 
490 0 |a Akal Música, 6 
999 |c 344744  |d 344742 
952 |0 0  |1 0  |4 0  |6 780_904000000000000_MOR_1999  |7 0  |8 R  |9 442914  |a BIBEDU  |b BIBEDU  |d 2019-11-22  |i 4771672  |l 1  |o 780.904 MOR 1999  |p 4771672  |r 2024-08-19  |s 2024-08-13  |w 2019-11-22  |y BK_R  |k MUS